| 000 | 00628nam a2200133Ia 4500 | ||
|---|---|---|---|
| 008 | 171212s9999 xx 000 0 und d | ||
| 020 | _a9780833038586 | ||
| 100 | _aPeterson, D. J. | ||
| 245 |
_cPeterson, D. J. _aRussia and the Information Revolution |
||
| 260 |
_bRAND Corporation _c2005 |
||
| 650 | _aInformation society -- Russia (Federation); Information technology -- Social aspects -- Russia (Federation); Information technology -- Economic aspects -- Russia (Federation); Information technology -- Political aspects -- Russia (Federation) | ||
| 650 | _aPolitical Science | ||
| 856 | _uwww.jstor.org/stable/10.7249/mg422cc | ||
| 999 |
_c352509 _d352509 |
||